000 00292 a2200133 4500
003 Nust
005 20170207153535.0
040 _cNust
082 _a891.439
245 _aRoshni
_cPakistan BroadCasting
260 _aKarachi
_bPakistan Broad Casting
300 _a227;p
650 _aRadio Programming
942 _2ddc
_cBK
999 _c188166
_d188166